| 000 | 00385nam a2200145Ia 4500 | ||
|---|---|---|---|
| 008 | 231129s2006||||xx |||||||||||||| ||spa|| | ||
| 020 | _a964-5817-26-9 | ||
| 040 | _bspa | ||
| 082 | _a297.4 M985c | ||
| 100 | _aMusawi Lari Sayyid Mujtaba | ||
| 245 | 0 | _aConocer a Dios | |
| 260 | _c2006 | ||
| 264 | _aSayyed Mojtaba Musavi Lari | ||
| 942 |
_2ddc _cBKS |
||
| 999 |
_c7925 _d7925 |
||